| 000 | 00787nam a2200169 a 4500 | ||
|---|---|---|---|
| 008 | 120925s1985 ||||||||||||||||| || u | ||
| 020 | _a0070237956 | ||
| 050 | _aQD 101.2 Gor | ||
| 100 | _aGordus, Adon R | ||
| 245 | 1 | 0 |
_aSchaum's outline of theory and problems of analytical chemistry _cby Adon R. Gordus |
| 260 |
_aNew York: _bMcGraw-Hill _c1985 |
||
| 300 | _a242p.: ill. | ||
| 500 | _aDonated by Counsellor Kang'ombe | ||
| 650 | _aCHEMISTRY, ANALYTIC--QUANTITATIVE | ||
| 995 |
_aMAIN LIBRARY OPEN ACCESS _e743373 _FCBU-MAIN LIBRARY (Kitwe) _jQD 101.2 Gor _M2 _UAVAILABLE _WOct 4, 2012 _y743373 _ZMain Library Open Access Collection |
||
| 995 |
_aMAIN LIBRARY OPEN ACCESS _e743372 _FCBU-MAIN LIBRARY (Kitwe) _jQD 101.2 Gor _M1 _UAVAILABLE _WOct 4, 2012 _y743372 _ZMain Library Open Access Collection |
||
| 999 |
_c80329 _d80329 |
||